[Event "Titled Tuesday intern op 02nd Apr Early"]
[Site "Chess.com INT"]
[Date "2024.04.02"]
[Round "2"]
[White "Orlov, Georgi"]
[Black "Onischuk, Vladimir"]
[Result "0-1"]
[WhiteElo "2446"]
[BlackElo "2619"]
[PlyCount "86"]
[EventDate "2024.04.02"]
[EventType "swiss (blitz)"]
[EventRounds "11"]
[EventCountry "USA"]
[SourceTitle "CB15_2024"]
[SourceDate "2024.04.10"]
[SourceVersion "1"]
[SourceVersionDate "2024.04.10"]
[SourceQuality "1"]

1. d4 d6 2. e4 Nf6 3. Nc3 g6 4. Nf3 Bg7 5. Be2 0-0 6. 0-0 a6 7. h3 Nc6 8. Bg5 h6 9. Be3 e5 10. Qd2 exd4 11. Nxd4 Nxd4 12. Bxd4 Re8 13. Bf3 Bd7 14. Rfe1 Bc6 15. Rad1 Nd7 16. Be3 Kh7 17. Nd5 Nf6 18. Bf4 Nxd5 19. exd5 Bd7 20. c3 Qh4 21. Be3 Qc4 22. a3 a5 23. Bd4 a4 24. Re3 Rxe3 25. Bxe3 Re8 26. Bd4 Be5 27. Re1 Bxd4 28. Rxe8 Bxe8 29. Qxd4 Qxd4 30. cxd4 Bb5 31. Be4 Kg7 32. f4 Kf6 33. Kf2 g5 34. Ke3 Bc4 35. Bf3 Kf5 36. g4+ Kf6 37. Be4 Bf1 38. h4 gxh4 39. Kf2 Bh3 40. Bf3 Kg6 41. Kg1 f5 42. gxf5+ Kxf5 43. Kh2 Bg4 0-1

[Event "Titled Tuesday intern op 22nd Aug Early"]
[Site "Chess.com INT"]
[Date "2023.08.22"]
[Round "11"]
[White "Todev, Simeon"]
[Black "Orlov, Georgi"]
[Result "0-1"]
[WhiteElo "1999"]
[BlackElo "2451"]
[PlyCount "108"]
[EventDate "2023.08.22"]
[EventType "swiss (blitz)"]
[EventRounds "11"]
[EventCountry "USA"]
[SourceTitle "EXT 2024"]
[Source "ChessBase"]
[SourceDate "2023.10.10"]
[SourceVersion "1"]
[SourceVersionDate "2023.10.10"]
[SourceQuality "1"]

1. e4 c5 2. Nf3 e6 3. c3 Nf6 4. Be2 Nxe4 5. d4 cxd4 6. cxd4 d5 7. Nc3 Bb4 8. 0-0 Bxc3 9. bxc3 Nxc3 10. Qc2 Nxe2+ 11. Qxe2 0-0 12. Bf4 Nc6 13. Rab1 b6 14. Rfc1 Bd7 15. Qd2 Rc8 16. Rc3 f6 17. Rbc1 Qe7 18. h3 Na5 19. Rxc8 Rxc8 20. Rxc8+ Bxc8 21. Qc3 Nc4 22. Nd2 Ba6 23. Nb3 Qa3 24. Qe1 Kf7 25. Qe2 g6 26. Bc1 Qb4 27. Bd2 Qb5 28. Qg4 Nd6 29. Qh4 h5 30. Qf4 Qd7 31. Qh6 Nf5 32. Qh7+ Ke8 33. Qg8+ Ke7 34. Bb4+ Nd6 35. Qxg6 Bc4 36. Qg7+ Kd8 37. Qxf6+ Kc8 38. Qe5 Nf7 39. Qg7 a5 40. Nd2 axb4 41. Qf8+ Kb7 42. Qxb4 Bxa2 43. Qb2 Bc4 44. Nf3 Qc7 45. Qd2 b5 46. Qb4 Kb6 47. Ne1 Qd6 48. Qb2 b4 49. Nc2 b3 50. Na1 Qb4 51. Nc2 Qd2 52. Qa3 bxc2 53. Qb2+ Kc6 54. Qa3 c1Q+ 0-1

[Event "Titled Tuesday intern op 08th Aug Late"]
[Site "Chess.com INT"]
[Date "2023.08.08"]
[Round "10"]
[White "Hng, Mei En Emmanuelle"]
[Black "Orlov, Georgi"]
[Result "1-0"]
[WhiteElo "2092"]
[BlackElo "2451"]
[PlyCount "27"]
[EventDate "2023.08.08"]
[EventType "swiss (blitz)"]
[EventRounds "11"]
[EventCountry "USA"]
[SourceTitle "EXT 2024"]
[Source "ChessBase"]
[SourceDate "2023.10.10"]
[SourceVersion "1"]
[SourceVersionDate "2023.10.10"]
[SourceQuality "1"]

1. e4 b6 2. d4 Bb7 3. Nc3 e6 4. Bd3 f5 5. exf5 Bxg2 6. Qh5+ Ke7 7. Qg5+ Nf6 8. Qxg2 Nc6 9. fxe6 Nxd4 10. exd7 c6 11. Nf3 Nxf3+ 12. Qxf3 Qxd7 13. Bg5 b5 14. 0-0-0 1-0

[Event "Titled Tuesday intern op 08th Aug Late"]
[Site "Chess.com INT"]
[Date "2023.08.08"]
[Round "9"]
[White "Orlov, Georgi"]
[Black "Harish, Neeraj"]
[Result "1/2-1/2"]
[WhiteElo "2451"]
[BlackElo "2040"]
[PlyCount "108"]
[EventDate "2023.08.08"]
[EventType "swiss (blitz)"]
[EventRounds "11"]
[EventCountry "USA"]
[SourceTitle "EXT 2024"]
[Source "ChessBase"]
[SourceDate "2023.10.10"]
[SourceVersion "1"]
[SourceVersionDate "2023.10.10"]
[SourceQuality "1"]

1. d4 d5 2. Nf3 Nf6 3. c4 e6 4. Nc3 h6 5. g3 Bd6 6. Bg2 Nc6 7. c5 Be7 8. Bf4 0-0 9. 0-0 g5 10. Bc1 Ne4 11. Ne1 f5 12. e3 b6 13. cxb6 axb6 14. Nd3 Bf6 15. f3 Nd6 16. f4 Ne4 17. Ne5 Nxe5 18. fxe5 Bg7 19. Qb3 Ba6 20. Re1 c5 21. Nxe4 fxe4 22. Bd2 Bc4 23. Qc2 g4 24. Bc3 Qg5 25. b3 Bd3 26. Qd2 Rf3 27. Bxf3 gxf3 28. Qf2 h5 29. Kh1 Bh6 30. a4 c4 31. bxc4 Bxc4 32. a5 bxa5 33. Rxa5 Rxa5 34. Bxa5 Be2 35. Bd2 Qg4 36. Rb1 Kh7 37. Rb7+ Bg7 38. Bb4 Kh6 39. Be7 Qh3 40. Kg1 Kg6 41. Bh4 Bh6 42. Rb3 Bg5 43. Bxg5 Kxg5 44. Rb8 Kg6 45. Rg8+ Kf7 46. Rg5 Ke7 47. Rg6 Kf7 48. Rg5 Ke7 49. Rg7+ Kf8 50. Rg5 Kf7 51. Kh1 Bf1 52. Kg1 Be2 53. Kh1 Bf1 54. Kg1 Be2 1/2-1/2

[Event "Titled Tuesday intern op 08th Aug Late"]
[Site "Chess.com INT"]
[Date "2023.08.08"]
[Round "6"]
[White "Vaglio Munoz, Jaime"]
[Black "Orlov, Georgi"]
[Result "0-1"]
[WhiteElo "2174"]
[BlackElo "2451"]
[PlyCount "84"]
[EventDate "2023.08.08"]
[EventType "swiss (blitz)"]
[EventRounds "11"]
[EventCountry "USA"]
[SourceTitle "EXT 2024"]
[Source "ChessBase"]
[SourceDate "2023.10.10"]
[SourceVersion "1"]
[SourceVersionDate "2023.10.10"]
[SourceQuality "1"]

1. Nf3 Nf6 2. c4 e6 3. b3 a6 4. Bb2 b5 5. g3 Bb7 6. Bg2 c5 7. 0-0 Be7 8. d3 0-0 9. e4 d6 10. Nc3 bxc4 11. bxc4 Nc6 12. Rb1 Nd7 13. Ne2 Qc7 14. Nf4 Nde5 15. h4 h6 16. Nh5 g6 17. Nf4 Bf6 18. Qd2 Bg7 19. Ne2 Rab8 20. Nh2 Nb4 21. Nc1 h5 22. f4 Nd7 23. Bxg7 Kxg7 24. f5 exf5 25. exf5 Bxg2 26. Qxg2 Ne5 27. f6+ Kh7 28. a3 Nbc6 29. Rxb8 Rxb8 30. Qd2 Nd4 31. Ne2 Rb3 32. Nf4 Qb7 33. Qa5 Nef3+ 34. Nxf3 Nxf3+ 35. Kf2 Rb2+ 36. Ke3 Nh2 37. Nd5 Nxf1+ 38. Kf3 Nh2+ 39. Ke3 Qd7 40. Nf4 Ng4+ 41. Ke4 Qf5+ 42. Kf3 Rf2# 0-1

[Event "Titled Tuesday intern op 25th Jul Early"]
[Site "Chess.com INT"]
[Date "2023.07.25"]
[Round "6"]
[White "Orlov, Georgi"]
[Black "Pulido Alvarez, Ariel"]
[Result "1-0"]
[WhiteElo "2451"]
[BlackElo "2238"]
[PlyCount "57"]
[EventDate "2023.07.25"]
[EventType "swiss (blitz)"]
[EventRounds "11"]
[EventCountry "USA"]
[SourceTitle "EXT 2024"]
[Source "ChessBase"]
[SourceDate "2023.10.10"]
[SourceVersion "1"]
[SourceVersionDate "2023.10.10"]
[SourceQuality "1"]

1. d4 Nf6 2. Nf3 d5 3. c4 Bg4 4. cxd5 Bxf3 5. gxf3 Nxd5 6. e4 Nb6 7. Be3 g6 8. h4 Bg7 9. Nc3 Nc6 10. d5 Na5 11. h5 0-0 12. hxg6 hxg6 13. Bd4 e5 14. Bc5 Re8 15. Qc2 Nac4 16. 0-0-0 Nd6 17. Kb1 Qf6 18. Be2 Rac8 19. Rdg1 c6 20. Be3 cxd5 21. Bxb6 axb6 22. Nxd5 Qe6 23. Qb3 b5 24. Rc1 Rxc1+ 25. Rxc1 Qh3 26. Bxb5 Ra8 27. Be2 Qh2 28. Qb6 Qxf2 29. Qxf2 1-0

[Event "Titled Tuesday intern op 11th Jul Early"]
[Site "Chess.com INT"]
[Date "2023.07.11"]
[Round "7"]
[White "Llanos, Guillermo"]
[Black "Orlov, Georgi"]
[Result "0-1"]
[WhiteElo "2288"]
[BlackElo "2451"]
[PlyCount "56"]
[EventDate "2023.07.11"]
[EventType "swiss (blitz)"]
[EventRounds "11"]
[EventCountry "USA"]
[SourceTitle "EXT 2024"]
[Source "ChessBase"]
[SourceDate "2023.10.10"]
[SourceVersion "1"]
[SourceVersionDate "2023.10.10"]
[SourceQuality "1"]

1. c4 Nf6 2. Nc3 Nc6 3. g3 d5 4. cxd5 Nxd5 5. Bg2 Nb6 6. Nf3 e5 7. 0-0 Be6 8. a3 Be7 9. b4 a5 10. b5 Nd4 11. Rb1 f6 12. Nxd4 exd4 13. Ne4 d3 14. exd3 Qxd3 15. Bb2 0-0 16. Nc3 Nc4 17. Be4 Qxd2 18. Qh5 f5 19. Rfd1 Qg5 20. Qxg5 Bxg5 21. Bxb7 Rad8 22. Bd5 Bxd5 23. Nxd5 Nd2 24. Nxc7 Nxb1 25. Rxb1 Rd6 26. b6 Rxb6 27. Nd5 Rb7 28. h4 Bf6 0-1

[Event "Titled Tuesday intern op 11th Jul Early"]
[Site "Chess.com INT"]
[Date "2023.07.11"]
[Round "3"]
[White "Md Abu, Hanif"]
[Black "Orlov, Georgi"]
[Result "1-0"]
[WhiteElo "2089"]
[BlackElo "2451"]
[PlyCount "91"]
[EventDate "2023.07.11"]
[EventType "swiss (blitz)"]
[EventRounds "11"]
[EventCountry "USA"]
[SourceTitle "EXT 2024"]
[Source "ChessBase"]
[SourceDate "2023.10.10"]
[SourceVersion "1"]
[SourceVersionDate "2023.10.10"]
[SourceQuality "1"]

1. d4 d5 2. Nf3 Nc6 3. g3 Bg4 4. Bg2 Qd7 5. c3 Bh3 6. Bxh3 Qxh3 7. Qb3 0-0-0 8. Bf4 f6 9. Nbd2 g5 10. Be3 Nh6 11. 0-0-0 Nf5 12. Qc2 e6 13. Rdg1 h5 14. Nb3 g4 15. Nfd2 h4 16. Bf4 hxg3 17. Bxg3 Nxg3 18. Rxg3 Qh5 19. e4 Bd6 20. Rg2 Bf4 21. Kb1 f5 22. exd5 exd5 23. Nc5 b6 24. Ne6 Bd6 25. Ng7 Qh3 26. Qxf5+ Kb8 27. Qxg4 Qd3+ 28. Kc1 Rdf8 29. h4 Bf4 30. Qd1 Rh6 31. Qc2 Qf3 32. Rhg1 Kb7 33. Kb1 Bxd2 34. Qxd2 Na5 35. Qxh6 Nc4 36. Qc1 a5 37. Ne6 Re8 38. Ng5 Qf5+ 39. Qc2 Qf4 40. h5 Nd2+ 41. Ka1 a4 42. Qxa4 Ra8 43. Qc2 Nc4 44. Ne6 Qd6 45. Nxc7 Ra7 46. Nb5 1-0

[Event "Titled Tuesday intern op 11th Jul Early"]
[Site "Chess.com INT"]
[Date "2023.07.11"]
[Round "6"]
[White "Orlov, Georgi"]
[Black "Hernando Rodrigo, Julio Antonio"]
[Result "1/2-1/2"]
[WhiteElo "2451"]
[BlackElo "2240"]
[PlyCount "137"]
[EventDate "2023.07.11"]
[EventType "swiss (blitz)"]
[EventRounds "11"]
[EventCountry "USA"]
[SourceTitle "EXT 2024"]
[Source "ChessBase"]
[SourceDate "2023.10.10"]
[SourceVersion "1"]
[SourceVersionDate "2023.10.10"]
[SourceQuality "1"]

1. e4 d5 2. exd5 Qxd5 3. Nc3 Qa5 4. d4 Nf6 5. Bd2 c6 6. Nf3 Bg4 7. h3 Bxf3 8. Qxf3 e6 9. 0-0-0 Bb4 10. a3 Bxc3 11. Bxc3 Qd5 12. Qg3 Qa2 13. Bd3 Nbd7 14. Qxg7 Rg8 15. Qh6 Rxg2 16. Rdf1 0-0-0 17. Qf4 Nd5 18. Qf3 Rdg8 19. Kd2 Nxc3 20. bxc3 Qxa3 21. Ra1 Qd6 22. Rxa7 Nb6 23. Qxf7 Nd7 24. Re1 Rf8 25. Ra8+ Nb8 26. Qxe6+ Qxe6 27. Rxe6 Rfxf2+ 28. Kc1 Kd7 29. Rh6 Kc7 30. Rxh7+ Nd7 31. c4 Rg1+ 32. Kb2 Rg3 33. Kc3 c5 34. h4 cxd4+ 35. Kxd4 Rf4+ 36. Kc3 Rh3 37. h5 Rf5 38. h6 Rfh5 39. Rah8 b6 40. Kb4 Rh1 41. Bg6 Rb1+ 42. Kc3 Rh3+ 43. Bd3 Rbh1 44. Kb2 R1h2 45. c5 Rxd3 46. cxb6+ Kxb6 47. Rg7 Rdd2 48. Ka3 Nc5 49. Rb8+ Kc6 50. Rc8+ Kb5 51. Rb8+ Kc4 52. Rg4+ Kc3 53. Rg3+ Kxc2 54. Rb2+ Kd1 55. Rg1+ Ke2 56. Rxd2+ Kxd2 57. Kb4 Nd3+ 58. Kc4 Rxh6 59. Kd5 Rh4 60. Ke6 Ke3 61. Rg3+ Ke4 62. Kf6 Nf4 63. Ke7 Rh6 64. Kd7 Nd5 65. Rg5 Kd4 66. Ke8 Kc5 67. Kf7 Kd6 68. Rg6+ Rxg6 69. Kxg6 1/2-1/2

[Event "Titled Tuesday intern op 11th Jul Early"]
[Site "Chess.com INT"]
[Date "2023.07.11"]
[Round "8"]
[White "Preotu, Razvan"]
[Black "Orlov, Georgi"]
[Result "1-0"]
[WhiteElo "2481"]
[BlackElo "2451"]
[PlyCount "47"]
[EventDate "2023.07.11"]
[EventType "swiss (blitz)"]
[EventRounds "11"]
[EventCountry "USA"]
[SourceTitle "EXT 2024"]
[Source "ChessBase"]
[SourceDate "2023.10.10"]
[SourceVersion "1"]
[SourceVersionDate "2023.10.10"]
[SourceQuality "1"]

1. e4 d6 2. d4 Nf6 3. Nc3 g6 4. Be3 Bg7 5. Qd2 c6 6. 0-0-0 b5 7. f3 Bb7 8. Bh6 Bxh6 9. Qxh6 b4 10. Nce2 Qa5 11. Kb1 Nbd7 12. Nh3 Qb6 13. Ng5 c5 14. Qg7 Rf8 15. Nxh7 Nxh7 16. Qxh7 c4 17. Nf4 c3 18. Bc4 Rc8 19. Bb3 cxb2 20. Rhe1 Nf6 21. Qg7 Nd7 22. e5 a5 23. e6 fxe6 24. Qxg6+ 1-0

[Event "Titled Tuesday intern op 11th Jul Early"]
[Site "Chess.com INT"]
[Date "2023.07.11"]
[Round "10"]
[White "Vakhlamov, Igor L"]
[Black "Orlov, Georgi"]
[Result "0-1"]
[WhiteElo "2413"]
[BlackElo "2451"]
[PlyCount "52"]
[EventDate "2023.07.11"]
[EventType "swiss (blitz)"]
[EventRounds "11"]
[EventCountry "USA"]
[SourceTitle "EXT 2024"]
[Source "ChessBase"]
[SourceDate "2023.10.10"]
[SourceVersion "1"]
[SourceVersionDate "2023.10.10"]
[SourceQuality "1"]

1. e4 c5 2. Nf3 e6 3. Nc3 a6 4. d4 cxd4 5. Nxd4 b5 6. Bd3 b4 7. Nce2 Bb7 8. 0-0 Nf6 9. e5 Nd5 10. Nf4 Qb6 11. Nxd5 Bxd5 12. Be3 Bc5 13. c3 Nc6 14. Nxc6 Bxc6 15. Re1 bxc3 16. bxc3 0-0 17. Rb1 Qa7 18. Rb4 g6 19. Rh4 Rab8 20. Qg4 f5 21. exf6 Rxf6 22. Qh3 h5 23. Bxg6 Bxe3 24. fxe3 Rxg6 25. Rxh5 Rxg2+ 26. Kf1 Rf8+ 0-1

[Event "Titled Tuesday intern op 27th Jun Early"]
[Site "Chess.com INT"]
[Date "2023.06.27"]
[Round "9"]
[White "Orlov, Georgi"]
[Black "Gulamirian, Korun"]
[Result "0-1"]
[WhiteElo "2451"]
[BlackElo "1816"]
[PlyCount "124"]
[EventDate "2023.06.27"]
[EventType "swiss (blitz)"]
[EventRounds "11"]
[EventCountry "USA"]
[SourceTitle "EXT 2024"]
[Source "ChessBase"]
[SourceDate "2023.10.10"]
[SourceVersion "1"]
[SourceVersionDate "2023.10.10"]
[SourceQuality "1"]

1. Nf3 d5 2. c4 c6 3. d4 Nf6 4. Nc3 e6 5. e3 Nbd7 6. Bd3 dxc4 7. Bxc4 b5 8. Bd3 Bd6 9. e4 e5 10. Bg5 h6 11. Bh4 0-0 12. 0-0 Bb7 13. Bg3 Qe7 14. Rc1 Rac8 15. Ne2 a6 16. dxe5 Nxe5 17. Nxe5 Bxe5 18. f4 Bxb2 19. Rc2 Ba3 20. e5 Nd5 21. Rf3 Bc5+ 22. Bf2 Bxf2+ 23. Kxf2 c5 24. Be4 Rfd8 25. Rd2 Nb6 26. Bxb7 Rxd2 27. Qxd2 Qxb7 28. Nc3 Nc4 29. Qe2 Rd8 30. Kg3 Rd2 31. Qe1 Qd7 32. Ne4 Rd5 33. Qf2 Qc6 34. Kh3 Rd4 35. Ng3 Nd2 36. Re3 Ne4 37. Rxe4 Rxe4 38. Qf3 Qd7+ 39. f5 Rxe5 40. Qa8+ Kh7 41. Qxa6 g6 42. Qf6 Qe7 43. Qc6 gxf5 44. Nh5 Re3+ 45. g3 Re6 46. Qxb5 Qg5 47. Nf4 Qg4+ 48. Kg2 Re5 49. Qc4 Re7 50. a4 Qg5 51. a5 Kg7 52. Qxc5 Re4 53. Qc3+ Qf6 54. Qd2 Rd4 55. Nh5+ Kg6 56. Nxf6 Rxd2+ 57. Kf3 Kxf6 58. Ke3 Ra2 59. Kd4 Rxa5 60. Kc4 Ra2 61. Kb3 Rxh2 62. Kc4 Rg2 0-1

[Event "Titled Tuesday intern op 27th Jun Early"]
[Site "Chess.com INT"]
[Date "2023.06.27"]
[Round "6"]
[White "Zaichenko, Daria"]
[Black "Orlov, Georgi"]
[Result "0-1"]
[WhiteElo "2104"]
[BlackElo "2451"]
[PlyCount "54"]
[EventDate "2023.06.27"]
[EventType "swiss (blitz)"]
[EventRounds "11"]
[EventCountry "USA"]
[SourceTitle "EXT 2024"]
[Source "ChessBase"]
[SourceDate "2023.10.10"]
[SourceVersion "1"]
[SourceVersionDate "2023.10.10"]
[SourceQuality "1"]

1. e4 e6 2. d4 d5 3. Nd2 Be7 4. f4 dxe4 5. Nxe4 Nf6 6. Ng3 c5 7. c3 cxd4 8. cxd4 Bb4+ 9. Kf2 Nc6 10. Bb5 0-0 11. Bxc6 bxc6 12. Be3 Nd5 13. Nf3 Rb8 14. Ne5 Bb7 15. Qc2 Qb6 16. Nd7 Qc7 17. Nxf8 Bxf8 18. Rhf1 c5 19. Rac1 Nxf4 20. Bxf4 Qxf4+ 21. Kg1 Qxd4+ 22. Kh1 Bd5 23. b3 Bd6 24. Qc3 Qh4 25. Rf2 f5 26. Rd1 f4 27. Ne2 Qxf2 0-1

[Event "Titled Tuesday intern op 13th Jun Early"]
[Site "Chess.com INT"]
[Date "2023.06.13"]
[Round "10"]
[White "Hernando Rodrigo, Julio Antonio"]
[Black "Orlov, Georgi"]
[Result "0-1"]
[WhiteElo "2240"]
[BlackElo "2451"]
[PlyCount "134"]
[EventDate "2023.06.13"]
[EventType "swiss (blitz)"]
[EventRounds "11"]
[EventCountry "USA"]
[SourceTitle "EXT 2024"]
[Source "ChessBase"]
[SourceDate "2023.10.10"]
[SourceVersion "1"]
[SourceVersionDate "2023.10.10"]
[SourceQuality "1"]

1. d4 Nf6 2. c4 Nc6 3. Nf3 e6 4. g3 Bb4+ 5. Bd2 Qe7 6. a3 Bxd2+ 7. Qxd2 0-0 8. Nc3 e5 9. Nd5 Nxd5 10. cxd5 Nxd4 11. Nxd4 exd4 12. Qxd4 Re8 13. e3 d6 14. Bg2 a5 15. 0-0 a4 16. Rac1 b6 17. Rc3 Bf5 18. Rfc1 Rec8 19. e4 Bg6 20. Qxb6 f5 21. Rxc7 Rxc7 22. Rxc7 Qf6 23. Qc6 Rf8 24. Rc8 fxe4 25. Rxf8+ Kxf8 26. Bh3 Be8 27. Bd7 e3 28. fxe3 Qe7 29. Bxe8 Qxe3+ 30. Kf1 Qd3+ 31. Ke1 Qb1+ 32. Kd2 Qxb2+ 33. Qc2 Qd4+ 34. Qd3 Qb2+ 35. Ke3 Kxe8 36. Qe4+ Kd7 37. Qxa4+ Ke7 38. Qe4+ Kd8 39. a4 Qc1+ 40. Kf3 Qh1+ 41. Kf4 Qxh2 42. Qe6 Qd2+ 43. Kg4 Qd1+ 44. Kh3 Qh1+ 45. Kg4 Qd1+ 46. Kf4 Qxa4+ 47. Kf3 Qb3+ 48. Kg2 Qc2+ 49. Kh3 Qg6 50. Qg8+ Ke7 51. g4 Qd3+ 52. Kh4 Qg6 53. Kh3 Qh6+ 54. Kg3 Qe3+ 55. Kh4 Qh6+ 56. Kg3 Qg6 57. Kh4 h6 58. Kg3 Qd3+ 59. Kh4 Qg6 60. Kh3 Qf6 61. Kg3 Qe5+ 62. Kh3 Kf6 63. Qf8+ Kg5 64. Qf3 Qf4 65. Qd3 Qxg4+ 66. Kh2 Qf4+ 67. Kh3 Qf5+ 0-1

[Event "Titled Tuesday intern op 13th Jun Early"]
[Site "Chess.com INT"]
[Date "2023.06.13"]
[Round "1"]
[White "Huerter, Helmut"]
[Black "Orlov, Georgi"]
[Result "0-1"]
[WhiteElo "2232"]
[BlackElo "2451"]
[PlyCount "66"]
[EventDate "2023.06.13"]
[EventType "swiss (blitz)"]
[EventRounds "11"]
[EventCountry "USA"]
[SourceTitle "EXT 2024"]
[Source "ChessBase"]
[SourceDate "2023.10.10"]
[SourceVersion "1"]
[SourceVersionDate "2023.10.10"]
[SourceQuality "1"]

1. e4 e6 2. Nc3 b6 3. d4 Bb7 4. Nf3 Bb4 5. Bd3 Nf6 6. Qe2 d5 7. exd5 Qxd5 8. 0-0 Bxc3 9. bxc3 Nbd7 10. a4 Qh5 11. Ne5 Qxe2 12. Bxe2 Nxe5 13. dxe5 Nd7 14. f4 a5 15. Ba3 Ba6 16. Bf3 0-0-0 17. Rfd1 Bb7 18. Be2 Nb8 19. Be7 Rd7 20. Rxd7 Kxd7 21. Bh4 Bc6 22. Kf2 Kc8 23. g4 h6 24. Kg3 Re8 25. Kf2 Nd7 26. Ke3 Nc5 27. Bb5 Bxb5 28. axb5 Rg8 29. Rd1 g5 30. fxg5 hxg5 31. Bg3 Na4 32. Be1 Nb2 33. Rd4 Rd8 0-1

[Event "Titled Tuesday intern op 13th Jun Early"]
[Site "Chess.com INT"]
[Date "2023.06.13"]
[Round "3"]
[White "Orlov, Georgi"]
[Black "Gorovets, Andrey"]
[Result "1/2-1/2"]
[WhiteElo "2451"]
[BlackElo "2463"]
[PlyCount "118"]
[EventDate "2023.06.13"]
[EventType "swiss (blitz)"]
[EventRounds "11"]
[EventCountry "USA"]
[SourceTitle "EXT 2024"]
[Source "ChessBase"]
[SourceDate "2023.10.10"]
[SourceVersion "1"]
[SourceVersionDate "2023.10.10"]
[SourceQuality "1"]

1. d4 Nf6 2. Nf3 b6 3. c4 e6 4. g3 Bb7 5. Bg2 g6 6. 0-0 Bg7 7. Nc3 Ne4 8. Nxe4 Bxe4 9. Bg5 Qc8 10. Qd2 h6 11. Be3 d6 12. d5 e5 13. b4 Qb7 14. Rfd1 a5 15. c5 g5 16. cxd6 cxd6 17. h4 g4 18. Ne1 Bxg2 19. Nxg2 Nd7 20. Rab1 axb4 21. Qxb4 Ke7 22. Qxg4 Bf6 23. Bc1 Rxa2 24. Ne3 h5 25. Nf5+ Kd8 26. Qc4 Qa6 27. Qxa6 Rxa6 28. Nxd6 Rh7 29. Be3 Be7 30. Nc4 Bc5 31. Bxc5 Nxc5 32. Nxe5 Ra2 33. Kf1 f6 34. Nc4 Re7 35. Rd2 Rxd2 36. Nxd2 Rb7 37. Nc4 Kc7 38. Rb5 Nd7 39. e4 Ra7 40. d6+ Kc6 41. Rxh5 b5 42. Ne3 Nc5 43. Nd5 Nxe4 44. Nb4+ Kxd6 45. Rxb5 Ke6 46. Nd3 Ra3 47. Nf4+ Kf7 48. Rb7+ Ke8 49. Rb4 f5 50. Rb5 Ra2 51. Nd3 Rd2 52. Re5+ Kd8 53. Rd5+ Ke7 54. h5 Nxf2 55. Nf4 Ne4 56. h6 Rh2 57. Rxf5 Nxg3+ 58. Kg1 Nxf5 59. Kxh2 Nxh6 1/2-1/2

[Event "Titled Tuesday intern op 06th Jun Early"]
[Site "Chess.com INT"]
[Date "2023.06.06"]
[Round "8"]
[White "Orlov, Georgi"]
[Black "Petrosyan, Manuel"]
[Result "0-1"]
[WhiteElo "2451"]
[BlackElo "2629"]
[PlyCount "72"]
[EventDate "2023.06.06"]
[EventType "swiss (blitz)"]
[EventRounds "11"]
[EventCountry "USA"]
[SourceTitle "EXT 2024"]
[Source "ChessBase"]
[SourceDate "2023.10.10"]
[SourceVersion "1"]
[SourceVersionDate "2023.10.10"]
[SourceQuality "1"]

1. d4 Nf6 2. Nf3 e6 3. c4 b6 4. g3 Ba6 5. Qa4 Bb7 6. Bg2 c5 7. 0-0 cxd4 8. Nxd4 Bxg2 9. Kxg2 Be7 10. Rd1 0-0 11. Bf4 Qc8 12. Nb5 Qc6+ 13. f3 a6 14. N5c3 Rc8 15. Bxb8 Qxa4 16. Nxa4 Raxb8 17. Nd2 b5 18. cxb5 Nd5 19. Nc3 Ne3+ 20. Kf2 Nxd1+ 21. Rxd1 axb5 22. Nb3 d5 23. Rd2 Bb4 24. Rd3 Bxc3 25. bxc3 Kf8 26. Nd4 g6 27. f4 h5 28. Ke1 Rb7 29. Nc2 Ke7 30. Nb4 Rbc7 31. Kd2 Rc4 32. e3 Rg8 33. h4 Ra8 34. Rd4 Rxd4+ 35. exd4 Kf6 36. Ke2 Ra3 0-1

[Event "Titled Tuesday intern op 06th Jun Early"]
[Site "Chess.com INT"]
[Date "2023.06.06"]
[Round "6"]
[White "Orlov, Georgi"]
[Black "Pullela, Sricharan"]
[Result "1-0"]
[WhiteElo "2451"]
[BlackElo "1996"]
[PlyCount "103"]
[EventDate "2023.06.06"]
[EventType "swiss (blitz)"]
[EventRounds "11"]
[EventCountry "USA"]
[SourceTitle "EXT 2024"]
[Source "ChessBase"]
[SourceDate "2023.10.10"]
[SourceVersion "1"]
[SourceVersionDate "2023.10.10"]
[SourceQuality "1"]

1. d4 Nf6 2. Nf3 e6 3. c4 Bb4+ 4. Bd2 Be7 5. Nc3 d5 6. Bg5 0-0 7. e3 c6 8. Qc2 Nbd7 9. cxd5 exd5 10. Bd3 Re8 11. 0-0 Nf8 12. h3 Ng6 13. Bxf6 Bxf6 14. b4 a6 15. a4 Bd7 16. b5 axb5 17. axb5 Qb6 18. Rab1 Qa5 19. Rb3 Rec8 20. bxc6 bxc6 21. Bf5 Bxf5 22. Qxf5 Ne7 23. Qd3 c5 24. dxc5 Qxc5 25. Nb5 Rab8 26. Rfb1 Qc4 27. Qd1 Qc5 28. Nbd4 Rxb3 29. Qxb3 g6 30. Qb7 Qc7 31. Qb3 Qc4 32. Qb6 Kg7 33. Qa7 Qc7 34. Rb7 Qc1+ 35. Kh2 Qc5 36. Rd7 Qxa7 37. Rxa7 Rb8 38. g4 h6 39. h4 Kf8 40. g5 hxg5 41. hxg5 Bxd4 42. Nxd4 Rb2 43. Kg3 Rb1 44. Kf4 Rf1 45. f3 Rg1 46. Ke5 Ng8 47. f4 Kg7 48. Ne6+ Kh8 49. Rxf7 Re1 50. Nf8 Rxe3+ 51. Kd4 Rf3 52. Nxg6# 1-0

[Event "Titled Tuesday intern op 16th May Early"]
[Site "Chess.com INT"]
[Date "2023.05.16"]
[Round "6"]
[White "Bogaudinov, Rushan"]
[Black "Orlov, Georgi"]
[Result "0-1"]
[WhiteElo "1939"]
[BlackElo "2453"]
[PlyCount "90"]
[EventDate "2023.05.16"]
[EventType "swiss (blitz)"]
[EventRounds "11"]
[EventCountry "USA"]
[SourceTitle "CBM 214 Extra"]
[Source "ChessBase"]
[SourceDate "2023.07.31"]
[SourceVersion "1"]
[SourceVersionDate "2023.07.31"]
[SourceQuality "1"]

1. e4 d6 2. Nf3 Nf6 3. Nc3 c6 4. d4 Bg4 5. Be2 e6 6. 0-0 Be7 7. b3 d5 8. e5 Nfd7 9. h3 Bxf3 10. Bxf3 c5 11. Nxd5 exd5 12. Bxd5 Nc6 13. e6 fxe6 14. Bxe6 Nf6 15. d5 Nd4 16. Bb2 Nxe6 17. dxe6 0-0 18. Qe2 Qb6 19. c4 Rad8 20. Rad1 Rxd1 21. Rxd1 Rd8 22. Rxd8+ Qxd8 23. f4 Qd6 24. g3 Qc6 25. Bxf6 Bxf6 26. e7 Kf7 27. e8Q+ Qxe8 28. Qh5+ g6 29. Qxh7+ Bg7 30. Kf2 Qe4 31. h4 Qc2+ 32. Kg1 Qb1+ 33. Kg2 Qxa2+ 34. Kh3 Qc2 35. h5 Qe4 36. Kh4 Qh1+ 37. Kg5 Qxh5+ 38. Qxh5 gxh5 39. Kxh5 a6 40. Kg5 b5 41. Kf5 bxc4 42. bxc4 a5 43. Ke4 a4 44. Kd3 a3 45. Kc2 a2 0-1

[Event "Titled Tuesday intern op 16th May Early"]
[Site "Chess.com INT"]
[Date "2023.05.16"]
[Round "9"]
[White "Orlov, Georgi"]
[Black "Bortnyk, Olexandr"]
[Result "0-1"]
[WhiteElo "2453"]
[BlackElo "2605"]
[PlyCount "48"]
[EventDate "2023.05.16"]
[EventType "swiss (blitz)"]
[EventRounds "11"]
[EventCountry "USA"]
[SourceTitle "CBM 214 Extra"]
[Source "ChessBase"]
[SourceDate "2023.07.31"]
[SourceVersion "1"]
[SourceVersionDate "2023.07.31"]
[SourceQuality "1"]

1. d4 d6 2. e4 Nf6 3. Nc3 Nbd7 4. Bc4 c6 5. Qe2 e5 6. Nf3 Be7 7. a4 0-0 8. 0-0 a5 9. h3 exd4 10. Nxd4 Nc5 11. Rd1 Qb6 12. b3 Be6 13. Bg5 Rae8 14. Nxe6 fxe6 15. e5 Nd5 16. Nxd5 exd5 17. Bxe7 Rxe7 18. Bd3 Rxe5 19. Qf1 Ne6 20. Re1 Nf4 21. h4 Qd4 22. g3 Nh3+ 23. Qxh3 Qxf2+ 24. Kh1 Rxe1+ 0-1